logo

Bir Sreshtho Munshi Abdur Rouf Library
Jhenaidah Cadet College

The Future of Geography : (Record no. 13675)

MARC details
000 -LEADER
fixed length control field 00762nam a2200217 a 4500
001 - CONTROL NUMBER
JCCL Control Number 13675
003 - CONTROL NUMBER IDENTIFIER
JCCL marc code BD-JhCC
005 - DATE AND TIME OF LATEST TRANSACTION
control field 20240313202212.0
008 - FIXED-LENGTH DATA ELEMENTS--GENERAL INFORMATION
fixed length control field 240313b2023 nyu |||| ||a| 001 0 eng d
020 ## - INTERNATIONAL STANDARD BOOK NUMBER
International Standard Book Number 9781783966875
035 ## - SYSTEM CONTROL NUMBER
system control number (BD-JhCC)13675
040 ## - CATALOGING SOURCE
Original cataloging agency BD-JhCC
Modifying agency BD-JhCC
041 ## - LANGUAGE CODE
Language code of Book english
082 ## - DEWEY DECIMAL CLASSIFICATION NUMBER
Classification number 320.12
Author mark and Year MAR 2023
100 ## - MAIN ENTRY--PERSONAL NAME
Personal name Marshall, Tim
245 ## - TITLE STATEMENT
Title The Future of Geography :
Remainder of title How power and politics in space will change our world /
Statement of responsibility, etc Tim Marshall
260 ## - PUBLICATION, DISTRIBUTION, ETC. (IMPRINT)
Place of publication, distribution, etc London:
Name of publisher, distributor, etc Elliott and Thompson Limited;
Date of publication, distribution, etc 2023.
300 ## - PHYSICAL DESCRIPTION
Pagination 271 p, :
Other physical details ill;
Dimensions 22 cm
650 ## - SUBJECT ADDED ENTRY--TOPICAL TERM
Topical term or geographic name as entry element Discoveries in geography Political aspects
General subdivision Espace extra-atmosphérique Aspect stratégique
Geographic subdivision Strategic aspects of individual places
Chronological subdivision geopolitics
942 ## - ADDED ENTRY ELEMENTS (KOHA)
Source of classification or shelving scheme Dewey Decimal Classification
Koha item type Books
Holdings
Source of classification or shelving scheme Damaged status Not for loan Home library Current library Shelving location Date of accession Cost, normal purchase price Total Checkouts Full call number Barcode Date last seen Date checked out Copy number Method of acquisition Koha item type Currency
Dewey Decimal Classification     JCC Rouf Library JCC Rouf Library General Stacks   350.00 1 320.12 MAR 2023 19106 05/12/2024 04/25/2024 C-1 Purchase Books BDT

JCC Library | Contacts | JCC Home

Last Update on 23 September 2017
Copyright @ 2017-2020 JCC Rouf Library
Rouf Library, Jhenidah Cadet College (JCC), Bangladesh